000 01047nmc a2200349 a 4500
003 AR-BaBNM
005 20251128211800.0
008 116020s2006 ||||||||||||||000 | spa||
020 _a88-311-0414-4
040 _cAR-BaBNM
100 1 _aTapia, María Nieves
245 1 0 _aEducazione e solidarietà
_bla pedagogia dell'apprendimento-servizio
260 _aRoma
_bCittà Nuova
_c2006
300 0 _a188 p.
490 0 _aPercorsi : fondamenti dell'educare
_v13
500 0 _aEjemplar no. 141970: Contiene dedicatoria de la autora
504 _aContiene referencias bibliográficas
650 4 _aCOOPERACION
650 4 _aRELACION ESCUELA-COMUNIDAD
650 4 _aPROGRAMAS ESCUELA-COMUNIDAD
650 4 _aPROMOCION SOCIAL
650 4 _aSOLIDARIDAD
650 4 _aEDUCACION COOPERATIVA
653 0 _aPROYECTOS CURRICULARES
653 _aEXPERIENCIAS EDUCATIVAS
653 0 _aEDUCACION EN VALORES
800 1 _aAceti, Ezio
800 1 _aDe Beni, Michele
800 1 _aMilan, Giuseppe
942 _cBK
998 _cme-solo cat
999 _c21084
_d21084